Las siete edades del hombre (fotocopia) /

Guardado en:
Formato: Libro
Publicado: : , 0
Materias:
Fc
Etiquetas: Agregar Etiqueta
Sin Etiquetas, Sea el primero en etiquetar este registro!
LEADER 00421nam a22001575a 4500
001 CEM.cems007709
005 20060214000000.0
008 130507b######################000#0#####d
003 CEMS
082 0 4 |a F150 
245 0 0 |a Las siete edades del hombre (fotocopia) / 
260 |a  :  |b , 0 
653 |a Fc 
653 |a Psicología evolutiva 
653 |a Psicología evolutiva 
859 |a CEMS  |b BIB. CEMS - 11 de abril  |h F150  |i 4  |p 44.44  |t Ej.1